00642nam a2200205 a 450000100060000000300080000600500170001400800410003103500190007204000350009104100080012608200250013424500380015926000620019730000200025950000560027950400310033565000270036671000430039349616BD-RjUL20211209054713.0160821s1966 nyu 000 0 eng u a(BD-RjUL)49735 dBD-RjULaBD-RjULbengcBD-RjUL aeng 223a361.32bTRE 196610aTrends in field work instruction  aNew York :bFamily Service Association of America,cc1966 a71 p. ;c27 cm. a"Articles reprinted from Social casework, 1955-65." aBibliographical footnotes. 0aSocial work education.2 aFamily Service Association of America.